| 000 | 00850nam a2200217Ia 4500 | ||
|---|---|---|---|
| 999 |
_c40780 _d40780 |
||
| 001 | 7419 | ||
| 003 | GE_BSU | ||
| 005 | 20231207121243.0 | ||
| 008 | 181216s1961||||ge |||||||||||||| ||geo|| | ||
| 040 | _cGE_BSU | ||
| 041 | _ageo | ||
| 080 | _a821.353.1-32 დ-15 | ||
| 100 |
_aდავითაშვილი, ასმათ _920610 |
||
| 245 |
_aმეთექვსმეტე დღე : _bმოთხრობები / _cასმათ დავითაშვილი ; რედ. შ. აფხაიძე. |
||
| 264 |
_aთბილისი : _bსაბჭ.მწერალი, _c1961. |
||
| 300 |
_a153 გვ. ; _c17 სმ. |
||
| 653 | _aმეთექვსმეტე დღე | ||
| 653 | _aმოთხრობები | ||
| 700 |
_aაფხაიძე, შ. _eრედაქტორი _94672 |
||
| 942 |
_cBK _2udc |
||